000 00290nam a2200145Ia 4500
100 _aSTOVELL/JIM
650 _aGeneral
942 _cBK
366 _f20
245 _aULTIMATE GIFT
260 _bEMBASSY BOOK DIST.
_aMumbai
082 _a808.83/STO
300 _a126
546 _aENGLISH
999 _c18937
_d18937